| 000 | 00752nam a2200253 a 4500 | ||
|---|---|---|---|
| 003 | MX-MxUPN | ||
| 005 | 20250903063916.0 | ||
| 008 | 250901s2018 mx||||||r|||| 000 f spa d | ||
| 020 | _a9786072427457 | ||
| 040 |
_aMX-MxUPN _bspa _cMX-MxUPN |
||
| 041 | 0 | _aspa | |
| 050 | 1 | 4 |
_aPQ7298.24 A923 _bC63 2018 |
| 100 | 1 |
_aNavarrete Linares, Federico, _d1964- _931714 |
|
| 245 | 1 | 3 | _aEl códice perdido |
| 250 | _aPrimera edición. | ||
| 260 |
_aCiudad de México : _bSM, _c2018 |
||
| 300 | _a235 páginas | ||
| 490 | 0 |
_aGran angular ; _v84 |
|
| 650 | 4 |
_aLiteratura mexicana _ySiglo XXI _917492 |
|
| 650 | 4 |
_aNovela mexicana _ySiglo XXI _916447 |
|
| 902 |
_aMarisolLicea/01092025 _bVíctor Ruiz/020925 |
||
| 942 |
_2lcc _cLIBRO _n0 |
||
| 999 |
_c213923 _d213923 |
||